| 000 -LEADER |
| fixed length control field |
01641cam a22003857a 4500 |
| 001 - CONTROL NUMBER |
| control field |
15792168 |
| 003 - CONTROL NUMBER IDENTIFIER |
| control field |
Nust |
| 005 - DATE AND TIME OF LATEST TRANSACTION |
| control field |
20231218161652.0 |
| 008 - FIXED-LENGTH DATA ELEMENTS--GENERAL INFORMATION |
| fixed length control field |
090625s2009 nyu j 000 1 eng d |
| 010 ## - LIBRARY OF CONGRESS CONTROL NUMBER |
| LC control number |
2009284615 |
| 020 ## - INTERNATIONAL STANDARD BOOK NUMBER |
| International Standard Book Number |
9780316048811 |
| 035 ## - SYSTEM CONTROL NUMBER |
| System control number |
(OCoLC)ocn262892507 |
| 040 ## - CATALOGING SOURCE |
| Original cataloging agency |
BTCTA |
| Transcribing agency |
BTCTA |
| Modifying agency |
OCO |
| -- |
WL8 |
| -- |
UPZ |
| -- |
WIQ |
| -- |
ILC |
| -- |
DLC |
| 042 ## - AUTHENTICATION CODE |
| Authentication code |
lccopycat |
| 050 00 - LIBRARY OF CONGRESS CALL NUMBER |
| Classification number |
PZ7.S52823 |
| Item number |
Wo 2009 |
| 082 00 - DEWEY DECIMAL CLASSIFICATION NUMBER |
| Classification number |
823.92 |
| Author Mark |
SHA |
| 100 1# - MAIN ENTRY--PERSONAL NAME |
| Personal name |
Shan, Darren. |
| 9 (RLIN) |
14161 |
| 245 10 - TITLE STATEMENT |
| Title |
Wolf Island / |
| Statement of responsibility, etc. |
by Darren Shan. |
| 250 ## - EDITION STATEMENT |
| Edition statement |
1st ed. |
| 260 ## - PUBLICATION, DISTRIBUTION, ETC. |
| Place of publication, distribution, etc. |
New York : |
| Name of publisher, distributor, etc. |
Little Brown, |
| Date of publication, distribution, etc. |
2009. |
| 300 ## - PHYSICAL DESCRIPTION |
| Extent |
196 p. ; |
| Dimensions |
22 cm. |
| 490 1# - SERIES STATEMENT |
| Series statement |
Demonata ; |
| Volume/sequential designation |
bk. 8 |
| 520 ## - SUMMARY, ETC. |
| Summary, etc. |
As the mysterious Shadow builds an army of demons, Grubbs Grady and his team search desperately for answers. But when they follow up on a new lead, it takes them to an old, unexpected foe-- the Lambs. |
| 650 #0 - SUBJECT ADDED ENTRY--TOPICAL TERM |
| Topical term or geographic name entry element |
Demonology |
| Form subdivision |
Juvenile fiction. |
| 9 (RLIN) |
119752 |
| 650 #0 - SUBJECT ADDED ENTRY--TOPICAL TERM |
| Topical term or geographic name entry element |
Werewolves |
| Form subdivision |
Juvenile fiction. |
| 9 (RLIN) |
119753 |
| 650 #1 - SUBJECT ADDED ENTRY--TOPICAL TERM |
| Topical term or geographic name entry element |
Demonology |
| Form subdivision |
Fiction. |
| 9 (RLIN) |
12042 |
| 650 #1 - SUBJECT ADDED ENTRY--TOPICAL TERM |
| Topical term or geographic name entry element |
Werewolves |
| Form subdivision |
Fiction. |
| 9 (RLIN) |
12823 |
| 650 #1 - SUBJECT ADDED ENTRY--TOPICAL TERM |
| Topical term or geographic name entry element |
Horror stories. |
| 9 (RLIN) |
14162 |
| 800 1# - SERIES ADDED ENTRY--PERSONAL NAME |
| Personal name |
Shan, Darren. |
| Title of a work |
Demonata ; |
| Volume/sequential designation |
bk. 8 |
| 9 (RLIN) |
119754 |
| 856 42 - ELECTRONIC LOCATION AND ACCESS |
| Materials specified |
Contributor biographical information |
| Uniform Resource Identifier |
<a href="http://www.loc.gov/catdir/enhancements/fy0913/2009284615-b.html">http://www.loc.gov/catdir/enhancements/fy0913/2009284615-b.html</a> |
| 856 42 - ELECTRONIC LOCATION AND ACCESS |
| Materials specified |
Publisher description |
| Uniform Resource Identifier |
<a href="http://www.loc.gov/catdir/enhancements/fy0913/2009284615-d.html">http://www.loc.gov/catdir/enhancements/fy0913/2009284615-d.html</a> |
| 906 ## - LOCAL DATA ELEMENT F, LDF (RLIN) |
| a |
7 |
| b |
cbc |
| c |
copycat |
| d |
2 |
| e |
ncip |
| f |
20 |
| g |
y-gencatlg |
| 942 ## - ADDED ENTRY ELEMENTS (KOHA) |
| Source of classification or shelving scheme |
|
| Koha item type |
Book |